000 00779nam a22002177a 4500
003 OSt
005 20220915200835.0
008 220915b |||||||| |||| 00| 0 eng d
040 _cBiblioteca Lado V
082 _a708.82
_bSU948c
100 _aSuiffet, Ana
_ecuradora
245 _aColección de arte Contemporáneo de Rosario/
260 _aArgentina
_bMuseo Municipal de bellas artes Juan B. Castagnino
_c2000
300 _a33p.
_c21x27cm
650 _2Tesauro de Arte & Arquitectura
_aARTE CONTEMPORANEO
650 _2Tesauro de Arte & Arquitectura
_aPINTURA
650 _2Tesauro de Arte & Arquitectura
_aARGENTINA
651 _2Tesauro de Arte & Arquitectura
_aESCULTURA
700 _aHeiz, Mariel
_ecuradora
942 _2ddc
_c1
_h708.82
_iSU948c
_n0
999 _c2042
_d2042